Statistics for Shortest NBA Players

Click here to take the quiz!

General Stats

  • This quiz has been taken 23 times
  • The average score is 4 of 20

Answer Stats

#HeightAnswer% Correct
15'3Muggsy Bogues
91%
95'7Spud Webb
74%
205'9Nate Robinson
70%
25'5Earl Boykins
26%
85'7Monte Towe
17%
185'9Angelo Musi
13%
175'9Calvin Murphy
13%
105'8Charlie Criss
13%
145'9Charlie Hoefer
13%
115'8Dino Martin
13%
65'7Herm Klotz
13%
135'9Howie Carl
13%
195'9Ralph O'Brien
13%
165'9Ed Melvin
9%
45'7Greg Grant
9%
55'7Keith Jennings
9%
155'9Lionel Malamed
9%
35'6Mel Hirsch
9%
75'7Wataru Misaka
9%
125'8Willie Somerset
9%

Score Distribution

Percentile by Number Answered

Percent of People with Each Score

Your Score History

You have not taken this quiz